Rick and his tricks / (Record no. 106095)
[ view plain ]
| 000 -LEADER | |
|---|---|
| fixed length control field | 00518nam a2200181 a 4500 |
| 005 - DATE AND TIME OF LATEST TRANSACTION | |
| control field | 20140412111422.0 |
| 008 - FIXED-LENGTH DATA ELEMENTS--GENERAL INFORMATION | |
| fixed length control field | 080122s19uu xx 00 eng d |
| 020 ## - INTERNATIONAL STANDARD BOOK NUMBER | |
| International Standard Book Number | 983-187-231-2 |
| 050 ## - LIBRARY OF CONGRESS CALL NUMBER | |
| Classification number | TR(GS 428.4 |
| Item number | M11 2006 |
| 100 ## - MAIN ENTRY--PERSONAL NAME | |
| Personal name | Mah, May S.M. |
| 245 ## - TITLE STATEMENT | |
| Title | Rick and his tricks / |
| Statement of responsibility, etc | May S.M. Mah. |
| 260 ## - PUBLICATION, DISTRIBUTION, ETC. (IMPRINT) | |
| Place of publication, distribution, etc | Malaysia : |
| Name of publisher, distributor, etc | Rhythm pub, |
| Date of publication, distribution, etc | 2006. |
| 300 ## - PHYSICAL DESCRIPTION | |
| Extent | 24p. |
| 440 ## - SERIES STATEMENT/ADDED ENTRY--TITLE | |
| Title | Phonics in reading: Series 2 |
| 520 ## - SUMMARY, ETC. | |
| Summary, etc | Introduces words ending with consonant diagraph CK. |
| 650 ## - SUBJECT ADDED ENTRY--TOPICAL TERM | |
| Topical term or geographic name as entry element | Phonics |
| Withdrawn status | Lost status | Damaged status | Home library | Current library | Shelving location | Date acquired | Source of acquisition | Total Checkouts | Full call number | Barcode | Date last seen | Price effective from | Koha item type |
|---|---|---|---|---|---|---|---|---|---|---|---|---|---|
| Elizalde Library | Elizalde Library | Teachers Reference Section | 01/22/2008 | TR(GS 428.4 M11 2006 | E11197 | 04/12/2014 | 04/12/2014 | Books |